000 00612nam a2200229Ia 4500
003 OSt
005 20221006144627.0
006 a|||||r|||| 00| 0
007 ta
008 221006b |||||||| |||| 00| 0 eng d
020 _c
_7.50
024 _a12,184
037 _cTextual
040 _aEASL
_cEASL
_beng
041 _2eng
_aeng
082 _aV41.N, L5
245 0 _aReport of the advisory committee together with other documnets respecting the China indemnity
260 _aLondon
_bMSO
_c1975
300 _a197p.
_ccm.
942 _hV41.N, L5
_cTEXL
_2CC
999 _c1080270
_d1080270